Quiz su Antigua e Barbuda - Statistics

Statistiche generali
  • Questo quiz è stato fatto 405 volte
  • Il punteggio medio è 10 su 15
Statistiche sulle risposte
Hint Risposta % Corretto
Lingua ufficiale Inglese
97%
Nazione che ha controllato Antigua e Barbuda dal 1632 al 1981 Regno Unito
95%
Mare in cui il paese è situato Mar dei Caraibi
92%
...che a loro volta fanno parte di quest'altro arcipelago Piccole {Antille}
91%
Valuta condivisa con sette altri paesi e territori Dollaro dei Caraibi Orientali
82%
Significato di "Antigua" in spagnolo Antica
79%
Sport più popolare Cricket
77%
Industria che rappresenta circa il 50% del PIL Turismo
74%
Capitale Saint John's
73%
Dipartimento francese situato a sud di Antigua Guadalupe
53%
Il Boggy Peak, il più alto picco nel paese, per qualche anno è stato rinominato in questo modo in onore di un leader politico statunitense Monte {Obama}
52%
Malattia infettiva che ha ucciso la maggior parte dei abitanti nativi del paese Vaiolo
37%
Gruppo di isole di cui fa parte il paese Isole {Sopravento} Settentrionali
35%
Città principale di Barbuda {Codring}ton
25%
Cognome di Vere e Lester, padre e figlio presidenti Bird
23%
Nessun quiz corrispondente trovato
Distribuzione punteggi
Percentuale di utenti per punteggio
Percentile per numero di risposta
I tuoi punteggi nel tempo
Non hai fatto questo quiz